000 00876nam a2200265Ia 4500
003 OSt
005 20220918171602.0
006 a|||||r|||| 00| 0
007 ta
008 220917b |||||||| |||| 00| 0 eng d
020 _a9783039118601 (pbk)
_c4350.98
024 _a243,774
037 _b5816, 18/08/2010, Efficient Book Distributors
_cTextual
040 _aARTS
_cARTS
_beng
041 _2eng
_aeng
082 _aO113,6M92:g, P9
100 _aSalzani Carlo
_937466
245 0 _aConstellations of reading
_b Walter Benjamin in figures of actuality
260 _aOxford
_bPeter Lang UK
_c2009
300 _a387p.
_ccm.
490 _aCultural history and literary imagination; 13
650 _aENGLISH LITERATURE
942 _hO113,6M92:g, P9
_cTEXL
_2CC
999 _c140274
_d140274